| 000 | 00764cam a22002537a 4500 | ||
|---|---|---|---|
| 003 | MX-MxUPN | ||
| 005 | 20240605063803.0 | ||
| 008 | 240209s1992 |us |||fr|||| 000 0 spa d | ||
| 020 | _a0023506407 | ||
| 040 |
_aMX-MxUPN _bspa |
||
| 050 | 4 |
_aPN4781 _bH37 1992 |
|
| 100 | 1 |
_952200 _aHariss, Julian, _d1914-1989 |
|
| 100 | 1 |
_952201 _aLeiter, Kelly |
|
| 100 | 1 |
_952203 _aJohnson, Stanley |
|
| 245 | 1 | 4 |
_aThe complete reporter : _bfundamentals of news gathering, writing, and editing |
| 250 | _aSixth edition | ||
| 260 |
_aNew York : _bMacmillan, _cc1992 |
||
| 300 | _a562 páginas | ||
| 650 | 0 |
_920969 _aReporteros y reportajes |
|
| 650 | 4 |
_aPeriodismo _vManuales _915202 |
|
| 902 | _bVíctorGodínez/040624 | ||
| 942 |
_2lcc _cLIBRO |
||
| 999 |
_c210962 _d210962 |
||